| Tag |
First Indicator |
Second Indicator |
Subfields |
| LEADER |
00000cam a2200000La 4500 |
| 001 |
in00001745577 |
| 005 |
20220105122447.0 |
| 006 |
m u |
| 007 |
cr cn- |
| 008 |
010205s1999 alub sb 001 0 eng d |
| 020 |
|
|
|a 0585341540 (electronic bk.)
|
| 035 |
|
|
|a (OCoLC)ocm47011185
|
| 040 |
|
|
|a N$T
|c N$T
|d OCL
|d OCLCQ
|d UtOrBLW
|
| 043 |
|
|
|a s-ck---
|
| 049 |
|
|
|a IICC
|
| 050 |
1 |
4 |
|a F2279
|b .K54 1999eb
|
| 082 |
0 |
4 |
|a 320.9861/09/048
|2 21
|
| 100 |
1 |
|
|a Kline, Harvey F.
|0 http://id.loc.gov/authorities/names/n79025525
|
| 245 |
1 |
0 |
|a State building and conflict resolution in Colombia, 1986-1994 /
|c Harvey F. Kline.
|
| 264 |
|
1 |
|a Tuscaloosa :
|b University of Alabama Press,
|c [1999]
|
| 264 |
|
4 |
|c ©1999
|
| 300 |
|
|
|a xviii, 240 pages :
|b map ;
|c 24 cm.
|
| 336 |
|
|
|a text
|b txt
|2 rdacontent
|
| 337 |
|
|
|a computer
|b c
|2 rdamedia
|
| 338 |
|
|
|a online resource
|b cr
|2 rdacarrier
|
| 504 |
|
|
|a Includes bibliographical references (pages [225]-231) and index.
|
| 533 |
|
|
|a Electronic reproduction.
|b Boulder, Colo. :
|c NetLibrary,
|d 2001.
|n Available via World Wide Web.
|n Access may be limited to NetLibrary affiliated libraries.
|n Excludes some or all of the images found in the original book.
|
| 500 |
|
|
|a Electronic resource.
|
| 651 |
|
0 |
|a Colombia
|x Politics and government
|y 1974-
|0 http://id.loc.gov/authorities/subjects/sh85028520
|
| 650 |
|
0 |
|a Conflict management
|z Colombia.
|
| 600 |
1 |
0 |
|a Barco, Virgilio.
|0 http://id.loc.gov/authorities/names/n82031377
|
| 600 |
1 |
0 |
|a Gaviria Trujillo, César.
|0 http://id.loc.gov/authorities/names/n85027598
|
| 650 |
|
0 |
|a Guerrillas
|z Colombia.
|0 http://id.loc.gov/authorities/subjects/sh2008105435
|
| 650 |
|
0 |
|a Paramilitary forces
|z Colombia.
|0 http://id.loc.gov/authorities/subjects/sh2010105063
|
| 650 |
|
0 |
|a Drug dealers
|z Colombia.
|
| 650 |
|
0 |
|a Human rights
|z Colombia.
|0 http://id.loc.gov/authorities/subjects/sh2008105891
|
| 655 |
|
7 |
|a Electronic books.
|2 local
|
| 710 |
2 |
|
|a NetLibrary, Inc.
|0 http://id.loc.gov/authorities/names/no99080690
|
| 776 |
1 |
|
|c Original
|z 0817309438
|w (DLC) 98025405
|w (OCoLC)39334772
|
| 856 |
4 |
1 |
|u https://proxy.library.tamu.edu/login?url=http://www.netLibrary.com/urlapi.asp?action=summary&v=1&bookid=23347
|z Connect to the full text of this electronic book
|t 0
|
| 994 |
|
|
|a 92
|b IIC
|
| 999 |
|
|
|a MARS
|
| 999 |
f |
f |
|s 256482e3-16b5-368f-9c9c-6a4c1b1de8b4
|i 5dc1dd8e-93b4-3be4-a995-f150c80aabce
|t 0
|
| 952 |
f |
f |
|a Texas A&M University
|b College Station
|c Electronic Resources
|d Available Online
|t 0
|e F2279 .K54 1999eb
|h Library of Congress classification
|
| 998 |
f |
f |
|a F2279 .K54 1999eb
|t 0
|l Available Online
|